| 000 | 00515cam a2200193ua 4500 | ||
|---|---|---|---|
| 020 |
_a0-442-20489-2 _cRs 795.00 |
||
| 041 |
_aeng _h |
||
| 082 |
_a637.127 _bWON/FU |
||
| 100 | _aWong, Noble P . | ||
| 245 |
_aFundamentals of dairy chemistry / _cNoble P Wong. _hTextual Documents |
||
| 250 |
_a3 / _b. |
||
| 260 |
_aNew Delhi : _bC B S Publishers & Distributers , _c1988. |
||
| 300 | _a779 ; . | ||
| 365 | _aRs 795.00 | ||
| 500 | _a** Reference | ||
| 504 | _a | ||
| 942 | _cBK | ||
| 999 |
_c3765 _d3765 |
||